Marvel Character by Origin Story - Statistics

General Stats
  • This quiz has been taken 116 times
  • The average score is 10 of 15
Answer Stats
Hint Answer % Correct
Born a frost giant, then orphaned, adopted and raised with a new brother Loki
94%
Synthezoid created by Ultron, given life by the mind stone Vision
92%
Neurosurgeon who got into a car accident and lost his hands Doctor Strange
87%
Air force pilot who pursued her dream of space exploration until she transformed into a human-kree hybrid Captain Marvel
85%
A blind defense attorney, trained by "Stick" Daredevil
81%
Eternal born on Titan, who saw the danger his people were in due to overpopulation Thanos
75%
Man left for dead in the desert and revived by the Ancient Moon God Khonsu Moon Knight
72%
S.H.I.E.L.D agent hand picked by Nick Fury for his skills Hawkeye
68%
On a spacecraft bombarded by cosmic rays, and can engulf himself in flames and fly Human Torch
66%
Mammal genetically engineered by robots Rocket Raccoon
54%
Mercenary who acquired powers from a serum that activated mutant genes Deadpool
47%
Twins experimented on by Hydra agent Baron Strucker Wanda and Pietro
45%
Falsely imprisoned man, experimented on in prison and gained unbreakable skin Luke Cage
40%
Orphan from Latveria who sought to increase his knowledge in science and magic to save his mother from Mephisto Doctor Doom
37%
Son of a renowned criminal, who was raised to be adept in martial arts Shang Chi
35%
No matching quizzes found
Score Distribution
Percent of People with Each Score
Percentile by Number Answered
Your Score History
You have not taken this quiz